000 00304nam a22001337a 4500
008 170815b xxu||||| |||| 00| 0 eng d
020 _a9780716747826
041 _aeng
080 _26 ED
_a51
100 _a36
101 _aMAT
245 _aFOR ALL PRACTICAL PUPOES
_cFREEMAN.W.H
942 _2udc
_cBK
999 _c23485
_d23485